Revolutionizing innovation (Record no. 4968)

MARC details
000 -CABECERA
campo de control de longitud fija 03166nam a2200361 i 4500
001 - NÚMERO DE CONTROL
campo de control ssj0001822731
003 - IDENTIFICADOR DEL NÚMERO DE CONTROL
campo de control WaSeSS
005 - FECHA Y HORA DE LA ÚLTIMA TRANSACCIÓN
campo de control 20260512145816.0
006 - CÓDIGOS DE INFORMACIÓN DE LONGITUD FIJA--CARACTERÍSTICAS DEL MATERIAL ADICIONAL
campo de control de longitud fija m d
007 - CAMPO FIJO DE DESCRIPCIÓN FÍSICA--INFORMACIÓN GENERAL
campo de control de longitud fija cr n
008 - DATOS DE LONGITUD FIJA--INFORMACIÓN GENERAL
campo de control de longitud fija 150821s2016 maua sb 001 0 eng d
010 ## - NÚMERO DE CONTROL DE LA BIBLIOTECA DEL CONGRESO
Número de control de LC 2015030653
020 ## - NÚMERO INTERNACIONAL ESTÁNDAR DEL LIBRO
Número Internacional Estándar del Libro 9780262029773
040 ## - FUENTE DE LA CATALOGACIÓN
Centro catalogador/agencia de origen DLC
Lengua de catalogación eng
Centro/agencia transcriptor DLC
Centro/agencia modificador DLC
-- WaSeSS
041 ## - CÓDIGO DE LENGUA
Código de lengua del texto/banda sonora o título independiente English
042 ## - CÓDIGO DE AUTENTICACIÓN
Código de autenticación pcc
050 00 - SIGNATURA TOPOGRÁFICA DE LA BIBLIOTECA DEL CONGRESO
Número de clasificación HC79.T4
Número de documento/Ítem R496 2016
245 00 - MENCIÓN DE TÍTULO
Título Revolutionizing innovation
Resto del título : users, communities, and open innovation
Mención de responsabilidad, etc. / Dietmar Harhoff and Karim R. Lakhani, editors.
260 ## - PUBLICACIÓN, DISTRIBUCIÓN, ETC.
Lugar de publicación, distribución, etc. Cambridge, Massachusetts ;
-- London, England :
Nombre del editor, distribuidor, etc. MIT Press,
Fecha de publicación, distribución, etc. [2016]
300 ## - DESCRIPCIÓN FÍSICA
Extensión xv, 577 pages :
Otras características físicas illustrations ;
Dimensiones 23 cm
504 ## - NOTA DE BIBLIOGRAFÍA, ETC.
Nota de bibliografía, etc. Includes bibliographical references and index.
506 ## - NOTA DE RESTRICCIONES AL ACCESO
Limitaciones de acceso License restrictions may limit access.
520 ## - SUMARIO, ETC.
Sumario, etc. A comprehensive and multidisciplinary view of the emerging paradigm of user and open innovation, offering both theoretical and empirical perspectives.<br/><br/>The last two decades have witnessed an extraordinary growth of new models of managing and organizing the innovation process that emphasizes users over producers. Large parts of the knowledge economy now routinely rely on users, communities, and open innovation approaches to solve important technological and organizational problems. This view of innovation, pioneered by the economist Eric von Hippel, counters the dominant paradigm, which cast the profit-seeking incentives of firms as the main driver of technical change. In a series of influential writings, von Hippel and colleagues found empirical evidence that flatly contradicted the producer-centered model of innovation. Since then, the study of user-driven innovation has continued and expanded, with further empirical exploration of a distributed model of innovation that includes communities and platforms in a variety of contexts and with the development of theory to explain the economic underpinnings of this still emerging paradigm. This volume provides a comprehensive and multidisciplinary view of the field of user and open innovation, reflecting advances in the field over the last several decades.<br/><br/>The contributors—including many colleagues of Eric von Hippel—offer both theoretical and empirical perspectives from such diverse fields as economics, the history of science and technology, law, management, and policy. The empirical contexts for their studies range from household goods to financial services. After discussing the fundamentals of user innovation, the contributors cover communities and innovation; legal aspects of user and community innovation; new roles for user innovators; user interactions with firms; and user innovation in practice, describing experiments, toolkits, and crowdsourcing, and crowdfunding.
650 #0 - PUNTO DE ACCESO ADICIONAL DE MATERIA--TÉRMINO DE MATERIA
Término de materia o nombre geográfico como elemento de entrada Technological innovations
Subdivisión general Economic aspects
9 (RLIN) 3594
650 #0 - PUNTO DE ACCESO ADICIONAL DE MATERIA--TÉRMINO DE MATERIA
Término de materia o nombre geográfico como elemento de entrada Diffusion of innovations
9 (RLIN) 4432
650 #0 - PUNTO DE ACCESO ADICIONAL DE MATERIA--TÉRMINO DE MATERIA
Término de materia o nombre geográfico como elemento de entrada Research, Industrial.
650 #0 - PUNTO DE ACCESO ADICIONAL DE MATERIA--TÉRMINO DE MATERIA
Término de materia o nombre geográfico como elemento de entrada New products
9 (RLIN) 8236
650 #0 - PUNTO DE ACCESO ADICIONAL DE MATERIA--TÉRMINO DE MATERIA
Término de materia o nombre geográfico como elemento de entrada Information technology
Subdivisión general Social aspects
9 (RLIN) 7710
653 ## - TÉRMINO DE INDIZACIÓN--NO CONTROLADO
Término no controlado Research, Industrial.
700 ## - ENTRADA AGREGADA--NOMBRE PERSONAL
Nombre de persona Harhoff, Dietmar.
9 (RLIN) 25926
700 ## - ENTRADA AGREGADA--NOMBRE PERSONAL
Nombre de persona Lakhani, Karim R.
9 (RLIN) 25927
942 ## - ELEMENTOS DE ENTRADA AGREGADA (KOHA)
Fuente del sistema de clasificación o colocación Clasificación de Library of Congress
Holdings
Estado de retiro Estado de pérdida Fuente del sistema de clasificación o colocación Estado dañado No para préstamo Biblioteca de origen Biblioteca actual Fecha de adquisición Total de préstamos Signatura topográfica completa Código de barras Fecha visto por última vez Número de copia Precio válido a partir de Tipo de ítem Koha
    Clasificación de Library of Congress     TBS Barcelona TBS Barcelona 18/09/2025   HC79.T4 HAR B07665 18/09/2025 1 18/09/2025 Book

Powered by Koha